[Event "Titled Tuesday intern op 16th Apr Early"]
[Site "Chess.com INT"]
[Date "2024.04.16"]
[Round "6"]
[White "Aronian, Levon"]
[Black "Szpar, Milosz"]
[Result "0-1"]
[WhiteElo "2729"]
[BlackElo "2495"]
[PlyCount "94"]
[EventDate "2024.04.16"]
[EventType "swiss (blitz)"]
[EventRounds "11"]
[EventCountry "USA"]
[SourceTitle "CB17_2024"]
[SourceDate "2024.04.24"]
[SourceVersion "1"]
[SourceVersionDate "2024.04.24"]
[SourceQuality "1"]

1. e4 e6 2. d4 d5 3. Nc3 Nf6 4. Bg5 dxe4 5. Nxe4 Nbd7 6. Nf3 h6 7. Bxf6 Nxf6 8. Bd3 Be7 9. Qe2 Nd5 10. Qd2 0-0 11. c3 b6 12. 0-0-0 Bb7 13. h4 c5 14. Bc2 cxd4 15. Nxd4 Qc7 16. g3 Rad8 17. Rhe1 e5 18. Nb5 Qc4 19. Qd3 Qxa2 20. c4 f5 21. cxd5 fxe4 22. Qxe4 Qa1+ 23. Kd2 Qa5+ 24. Kc1 Qa1+ 25. Kd2 Rxf2+ 26. Re2 Qa5+ 27. Nc3 Rxd5+ 28. Qxd5+ Bxd5 29. Rxf2 Bc5 30. Re2 Bf3 31. Bb3+ Kh8 32. Rxe5 Bxd1 33. Re8+ Kh7 34. Bxd1 Bd4 35. Bc2+ g6 36. Rd8 Bxc3+ 37. bxc3 Qe5 38. Rd3 Kg7 39. Re3 Qc5 40. Bd3 a5 41. Re6 Qf2+ 42. Be2 Qxg3 43. Rxb6 Qxh4 44. Rb7+ Kf6 45. c4 Qd4+ 46. Bd3 a4 47. Rb5 a3 0-1

[Event "Titled Tuesday intern op 16th Apr Late"]
[Site "Chess.com INT"]
[Date "2024.04.16"]
[Round "10"]
[White "Santos Latasa, Jaime"]
[Black "Szpar, Milosz"]
[Result "1-0"]
[WhiteElo "2628"]
[BlackElo "2495"]
[PlyCount "85"]
[EventDate "2024.04.16"]
[EventType "swiss (blitz)"]
[EventRounds "11"]
[EventCountry "USA"]
[SourceTitle "CB17_2024"]
[SourceDate "2024.04.24"]
[SourceVersion "1"]
[SourceVersionDate "2024.04.24"]
[SourceQuality "1"]

1. Nf3 d5 2. e3 c5 3. d4 Nf6 4. Bb5+ Bd7 5. Be2 cxd4 6. exd4 Nc6 7. c3 e6 8. Bf4 Nh5 9. Bg5 Qc7 10. g3 h6 11. Be3 Bd6 12. Ne5 Nf6 13. Nxd7 Qxd7 14. Nd2 Rb8 15. a4 0-0 16. 0-0 Ne7 17. Bd3 Nf5 18. Bxf5 exf5 19. Qf3 Rfe8 20. Nb3 Ne4 21. Nc1 b5 22. axb5 Rxb5 23. Nd3 a5 24. Bf4 Bf8 25. Rfe1 Re6 26. h4 Reb6 27. h5 Re6 28. Kg2 Reb6 29. Be5 Rb7 30. Qd1 Rxb2 31. Nxb2 Rxb2 32. Rf1 Qb5 33. Rb1 Nxc3 34. Rxb2 Qxb2 35. Qa1 Ba3 36. Qe1 Bb4 37. Qe3 a4 38. Qd3 Ne4 39. Qb5 a3 40. Qxd5 a2 41. Qa8+ Kh7 42. Qc8 g6 43. Qh8# 1-0

[Event "Titled Tuesday intern op 16th Apr Late"]
[Site "Chess.com INT"]
[Date "2024.04.16"]
[Round "2"]
[White "Shapiro, Viktor"]
[Black "Szpar, Milosz"]
[Result "1-0"]
[WhiteElo "2113"]
[BlackElo "2495"]
[PlyCount "85"]
[EventDate "2024.04.16"]
[EventType "swiss (blitz)"]
[EventRounds "11"]
[EventCountry "USA"]
[SourceTitle "CB17_2024"]
[SourceDate "2024.04.24"]
[SourceVersion "1"]
[SourceVersionDate "2024.04.24"]
[SourceQuality "1"]

1. c4 e6 2. Nc3 d5 3. d4 Nf6 4. Nf3 Be7 5. Bg5 h6 6. Bxf6 Bxf6 7. e3 0-0 8. Qc2 c6 9. g4 g6 10. h4 Bg7 11. g5 h5 12. 0-0-0 Qe7 13. Nd2 b5 14. c5 e5 15. dxe5 Qxc5 16. Nb3 Qe7 17. f4 a5 18. Nd4 Bb7 19. Bg2 Nd7 20. Kb1 b4 21. Nxc6 Bxc6 22. Nxd5 Bxd5 23. Bxd5 Rac8 24. Qxg6 Nxe5 25. fxe5 Qxe5 26. Rd2 Rcd8 27. Bxf7+ Rxf7 28. Rxd8+ Rf8 29. Rxf8+ Kxf8 30. Rf1+ Kg8 31. Qf7+ Kh8 32. Qxh5+ Kg8 33. Qf7+ Kh8 34. Qf2 Qe4+ 35. Qc2 Qg4 36. Rd1 Be5 37. a3 bxa3 38. Rd8+ Kg7 39. Qd3 Qg1+ 40. Ka2 axb2 41. Rd7+ Kf8 42. Qf5+ Ke8 43. Qf7# 1-0

[Event "Titled Tuesday intern op 16th Apr Early"]
[Site "Chess.com INT"]
[Date "2024.04.16"]
[Round "9"]
[White "Szpar, Milosz"]
[Black "Dominguez Perez, Leinier"]
[Result "1-0"]
[WhiteElo "2495"]
[BlackElo "2748"]
[PlyCount "113"]
[EventDate "2024.04.16"]
[EventType "swiss (blitz)"]
[EventRounds "11"]
[EventCountry "USA"]
[SourceTitle "CB17_2024"]
[SourceDate "2024.04.24"]
[SourceVersion "1"]
[SourceVersionDate "2024.04.24"]
[SourceQuality "1"]

1. e4 c5 2. c3 Nf6 3. e5 Nd5 4. d4 cxd4 5. Nf3 d6 6. cxd4 dxe5 7. Nxe5 Nc6 8. Bc4 e6 9. 0-0 Be7 10. Nf3 0-0 11. Nc3 Nxc3 12. bxc3 b6 13. Bd3 Bb7 14. Qc2 g6 15. Bh6 Re8 16. Rad1 Rc8 17. Qe2 Bf6 18. Rfe1 Ne7 19. Bb5 Bc6 20. Ba6 Rc7 21. Bf4 Rd7 22. Ne5 Bxe5 23. Bxe5 Nd5 24. Qb2 Qg5 25. Bf1 Nf4 26. g3 Nd5 27. c4 Ne7 28. d5 exd5 29. Bh3 Rb7 30. Bf6 Qh5 31. Bg2 Nf5 32. cxd5 Rxe1+ 33. Rxe1 Bd7 34. Qe5 Qh6 35. g4 Nh4 36. Qe8+ Bxe8 37. Rxe8+ Qf8 38. Rxf8+ Kxf8 39. Bxh4 Rc7 40. Bf3 Rc1+ 41. Kg2 Rc2 42. a4 Ke8 43. Bg3 Kd7 44. Bb8 g5 45. Bxa7 Rb2 46. Bb8 Rb4 47. Be2 Rd4 48. d6 h6 49. Bb5+ Kc8 50. Bc7 Kb7 51. Kg3 f6 52. Kf3 Rf4+ 53. Kg3 Rd4 54. h3 Kc8 55. Kf3 Kb7 56. Ke3 Rxd6 57. Bxd6 1-0

[Event "Titled Tuesday intern op 16th Apr Early"]
[Site "Chess.com INT"]
[Date "2024.04.16"]
[Round "5"]
[White "Szpar, Milosz"]
[Black "Doshi, Moksh Amitbhai"]
[Result "1-0"]
[WhiteElo "2495"]
[BlackElo "2342"]
[PlyCount "131"]
[EventDate "2024.04.16"]
[EventType "swiss (blitz)"]
[EventRounds "11"]
[EventCountry "USA"]
[SourceTitle "CB17_2024"]
[SourceDate "2024.04.24"]
[SourceVersion "1"]
[SourceVersionDate "2024.04.24"]
[SourceQuality "1"]

1. e4 c5 2. Nf3 d6 3. d4 cxd4 4. Qxd4 Nf6 5. Nc3 Nc6 6. Qd3 g6 7. Nd5 Bg7 8. c3 0-0 9. Bg5 Nd7 10. Qe3 Re8 11. Be2 Nde5 12. 0-0 Be6 13. Rfd1 Bxd5 14. exd5 Nxf3+ 15. Bxf3 Ne5 16. Be2 Rc8 17. Rd4 Qb6 18. Rb4 Qxe3 19. Bxe3 b6 20. a4 Rb8 21. Bb5 Red8 22. a5 e6 23. axb6 axb6 24. dxe6 fxe6 25. h3 d5 26. Be2 Nd7 27. Bg4 Re8 28. Ra7 Nc5 29. Bxc5 bxc5 30. Rxb8 Rxb8 31. Bxe6+ Kh8 32. Bxd5 Be5 33. Ra8 Rxa8 34. Bxa8 Kg7 35. Kf1 Kf6 36. Ke2 g5 37. Kd3 Ke6 38. Kc4 Kd6 39. Bf3 h6 40. Bg4 Bf4 41. b4 cxb4 42. cxb4 Bd2 43. b5 Be1 44. f3 Bf2 45. Bf5 Ke5 46. Be4 Kd6 47. Ba8 Ke5 48. Kd3 Kd6 49. Ke4 Ke6 50. Bd5+ Kd6 51. Bc4 Ke7 52. Kf5 Kd6 53. Kg6 Ke5 54. Kxh6 Kf4 55. Kh5 Be3 56. h4 gxh4 57. Kxh4 Bf2+ 58. Kh3 Bb6 59. Bd5 Ke5 60. Bc6 Kf4 61. g4 Bc7 62. Kh4 Bd8+ 63. Kh5 Ke5 64. g5 Kf5 65. g6 Kf6 66. Kh6 1-0

[Event "Titled Tuesday intern op 16th Apr Early"]
[Site "Chess.com INT"]
[Date "2024.04.16"]
[Round "1"]
[White "Szpar, Milosz"]
[Black "Ovezdurdiyeva, Jemal"]
[Result "1-0"]
[WhiteElo "2495"]
[BlackElo "2063"]
[PlyCount "103"]
[EventDate "2024.04.16"]
[EventType "swiss (blitz)"]
[EventRounds "11"]
[EventCountry "USA"]
[SourceTitle "CB17_2024"]
[SourceDate "2024.04.24"]
[SourceVersion "1"]
[SourceVersionDate "2024.04.24"]
[SourceQuality "1"]

1. e4 d6 2. d4 Nf6 3. Bd3 g6 4. Nf3 Bg7 5. 0-0 0-0 6. Re1 c6 7. Nbd2 Nbd7 8. c3 e5 9. h3 Nh5 10. Nc4 Qe7 11. a4 a6 12. a5 Rb8 13. b3 Nf4 14. dxe5 dxe5 15. Bxf4 exf4 16. e5 b5 17. axb6 Nxb6 18. Nd6 Nd5 19. Qc2 Nc7 20. Nd4 Bd7 21. Qd2 Bxe5 22. Qxf4 Qxd6 23. Qxe5 Qxe5 24. Rxe5 Nd5 25. Rxa6 Nxc3 26. Ra7 Rfd8 27. Bc4 Kf8 28. Kh2 Be8 29. Rxe8+ Rxe8 30. Rxf7+ Kg8 31. Rf3+ Kg7 32. Rxc3 Kh6 33. Nxc6 Rbc8 34. Nb4 Rf8 35. f3 Rcd8 36. Nd5 Rf5 37. Rd3 Ra8 38. b4 Ra1 39. b5 Rc1 40. Rb3 Rxc4 41. Ne3 Rc7 42. Nxf5+ gxf5 43. b6 Rb7 44. Kg3 Kg5 45. h4+ Kg6 46. Kf4 Kf6 47. g3 h6 48. h5 Ke6 49. Rb5 Ke7 50. Kxf5 Kd6 51. Kg6 Kc6 52. Rb1 1-0

[Event "Titled Tuesday intern op 16th Apr Early"]
[Site "Chess.com INT"]
[Date "2024.04.16"]
[Round "7"]
[White "Szpar, Milosz"]
[Black "Shimanov, Aleksandr"]
[Result "1-0"]
[WhiteElo "2495"]
[BlackElo "2576"]
[PlyCount "55"]
[EventDate "2024.04.16"]
[EventType "swiss (blitz)"]
[EventRounds "11"]
[EventCountry "USA"]
[SourceTitle "CB17_2024"]
[SourceDate "2024.04.24"]
[SourceVersion "1"]
[SourceVersionDate "2024.04.24"]
[SourceQuality "1"]

1. e4 b6 2. d4 Bb7 3. Bd3 e6 4. Nf3 c5 5. c3 Nf6 6. Nbd2 d5 7. e5 Nfd7 8. 0-0 Nc6 9. Re1 Be7 10. Nf1 g5 11. h3 h5 12. Ne3 Qc7 13. Nxd5 exd5 14. e6 fxe6 15. Bg6+ Kd8 16. Nxg5 Bxg5 17. Bxg5+ Kc8 18. Rxe6 Nd8 19. Re7 Nc6 20. Rg7 Rf8 21. Qxh5 Qd6 22. Re1 Kc7 23. Qg4 cxd4 24. Re6 Nce5 25. Rxd6 Kxd6 26. Bf4 Rxf4 27. Qxf4 dxc3 28. Rxd7+ 1-0

[Event "Titled Tuesday intern op 16th Apr Early"]
[Site "Chess.com INT"]
[Date "2024.04.16"]
[Round "10"]
[White "Szpar, Milosz"]
[Black "Svane, Frederik"]
[Result "1-0"]
[WhiteElo "2495"]
[BlackElo "2627"]
[PlyCount "97"]
[EventDate "2024.04.16"]
[EventType "swiss (blitz)"]
[EventRounds "11"]
[EventCountry "USA"]
[SourceTitle "CB17_2024"]
[SourceDate "2024.04.24"]
[SourceVersion "1"]
[SourceVersionDate "2024.04.24"]
[SourceQuality "1"]

1. e4 c5 2. c3 d5 3. exd5 Qxd5 4. d4 e6 5. Nf3 Nf6 6. Na3 Nc6 7. Be3 cxd4 8. Nb5 Qd7 9. Nbxd4 Be7 10. Bd3 Nd5 11. Bd2 0-0 12. Nxc6 Qxc6 13. Qc2 h6 14. 0-0-0 b5 15. Ne5 Qc7 16. Rhe1 Rb8 17. f4 a5 18. Kb1 Bb7 19. Bxb5 Rfc8 20. Rc1 Ba8 21. a4 Rd8 22. f5 Bf6 23. Ng4 e5 24. c4 Nf4 25. Nxf6+ gxf6 26. Bxf4 exf4 27. c5 Bd5 28. c6 Re8 29. Qc5 Bxg2 30. Qd4 f3 31. Qd7 Qxd7 32. cxd7 Red8 33. Re8+ Kg7 34. Rxd8 Rxd8 35. Rc8 Rxd7 36. Bxd7 f2 37. Bb5 f1Q+ 38. Bxf1 Bxf1 39. Rc5 h5 40. h4 Kh6 41. Rxa5 Bd3+ 42. Kc1 Be4 43. Rc5 Bb7 44. Kd2 Ba6 45. Ke3 Bc8 46. Kf4 Kg7 47. a5 Kh6 48. Rxc8 Kg7 49. Rc5 1-0

[Event "Menorca op 3rd"]
[Site "Ciutadella de Menorca"]
[Date "2024.04.03"]
[Round "3"]
[White "Alekseenko, Kirill"]
[Black "Szpar, Milosz"]
[Result "1-0"]
[WhiteElo "2655"]
[BlackElo "2495"]
[PlyCount "121"]
[EventDate "2024.04.02"]
[EventType "swiss"]
[EventRounds "9"]
[EventCountry "ESP"]
[SourceTitle "CB15_2024"]
[SourceDate "2024.04.10"]
[SourceVersion "1"]
[SourceVersionDate "2024.04.10"]
[SourceQuality "1"]

1. e4 e6 2. d4 d5 3. e5 c5 4. c3 Nc6 5. Nf3 Bd7 6. Be2 Nge7 7. 0-0 cxd4 8. cxd4 Nf5 9. Nc3 a6 10. Kh1 Rc8 11. h3 h5 12. Be3 Be7 13. Bd3 g6 14. Bxf5 gxf5 15. Rc1 Na5 16. b3 h4 17. Qd2 Nc6 18. Na4 b6 19. Bg5 Rb8 20. Bxe7 Nxe7 21. Nb2 Ng6 22. Rc3 Kf8 23. Rfc1 Kg7 24. Nd3 Rb7 25. R1c2 a5 26. Qc1 a4 27. Rc7 Rxc7 28. Rxc7 axb3 29. axb3 Rh5 30. Rb7 Bb5 31. Nb4 f4 32. Nc6 Qc8 33. Rxb6 Bd3 34. Rb8 Qa6 35. Nb4 Qa7 36. Nxd3 Qxb8 37. Nxf4 Rf5 38. Nxg6 fxg6 39. Ng5 Qb6 40. f4 Rxg5 41. fxg5 Qxd4 42. Qc7+ Kh8 43. Qd8+ Kh7 44. Qe7+ Kh8 45. Qf8+ Kh7 46. Qh6+ Kg8 47. Qxg6+ Kh8 48. Qh6+ Kg8 49. Qxe6+ Kh7 50. Qf7+ Kh8 51. Qf6+ Kh7 52. g6+ Kh6 53. g7+ Kh7 54. Qf5+ Kxg7 55. Qg4+ Qxg4 56. hxg4 Kf7 57. g5 Ke6 58. g6 d4 59. Kg1 d3 60. Kf2 Kd5 61. g7 1-0

[Event "Titled Tuesday intern op 12th Mar Late"]
[Site "Chess.com INT"]
[Date "2024.03.12"]
[Round "7"]
[White "Banerjee, Supratit"]
[Black "Szpar, Milosz"]
[Result "0-1"]
[WhiteElo "2025"]
[BlackElo "2495"]
[PlyCount "76"]
[EventDate "2024.03.12"]
[EventType "swiss (blitz)"]
[EventRounds "11"]
[EventCountry "USA"]
[SourceTitle "CB12_2024"]
[SourceDate "2023.10.01"]
[SourceVersion "1"]
[SourceVersionDate "2023.10.01"]
[SourceQuality "1"]

1. e4 c5 2. c3 e6 3. d4 d5 4. exd5 exd5 5. Nf3 Nc6 6. Bb5 Nf6 7. 0-0 Bd6 8. dxc5 Bxc5 9. Bg5 Be6 10. Nd4 0-0 11. Nxe6 fxe6 12. Bd3 h6 13. Bh4 Qb6 14. Qe2 e5 15. a3 e4 16. Bb5 Ne5 17. b4 Bd6 18. Bg3 Rac8 19. Ba4 Nd3 20. Bc2 Bxg3 21. hxg3 Ne5 22. Bb3 Kh8 23. Ra2 Nd3 24. Bc2 Ne5 25. Bb3 Rc7 26. Rd2 Nfg4 27. Bxd5 Re7 28. Bxe4 Ref7 29. Bc2 Rxf2 30. Rxf2 Rxf2 31. Qxf2 Nxf2 32. Re2 Nfg4+ 33. Kh1 Qf6 34. Re1 Qf2 35. Rd1 Qxc2 36. Rf1 Qd3 37. Re1 Qxg3 38. Rxe5 Qh2# 0-1

[Event "Titled Tuesday intern op 12th Mar Late"]
[Site "Chess.com INT"]
[Date "2024.03.12"]
[Round "10"]
[White "Szpar, Milosz"]
[Black "Kaplan, Avi Harrison"]
[Result "1-0"]
[WhiteElo "2495"]
[BlackElo "2085"]
[PlyCount "111"]
[EventDate "2024.03.12"]
[EventType "swiss (blitz)"]
[EventRounds "11"]
[EventCountry "USA"]
[SourceTitle "CB12_2024"]
[SourceDate "2023.10.01"]
[SourceVersion "1"]
[SourceVersionDate "2023.10.01"]
[SourceQuality "1"]

1. d4 Nf6 2. c4 a6 3. g3 c5 4. dxc5 e6 5. Be3 Ng4 6. Bd4 e5 7. Bc3 Bxc5 8. e3 d6 9. Bg2 h5 10. Nd2 h4 11. Ne4 hxg3 12. hxg3 Rxh1 13. Bxh1 Qc7 14. b4 f5 15. bxc5 fxe4 16. Qxd6 Qf7 17. 0-0-0 Qxc4 18. Qg6+ Ke7 19. Qxg7+ Ke8 20. Ne2 Nc6 21. Qh8+ Ke7 22. Qh7+ Ke8 23. Bxe4 Be6 24. Bg6+ Kf8 25. Qh8+ Bg8 26. Rd7 Ne7 27. Bh5 Qxe2 28. Bxg4 Qf1+ 29. Rd1 Qxf2 30. Qh6+ Ke8 31. Bh5+ Bf7 32. Qh8+ Ng8 33. Qxg8+ Ke7 34. Qxf7+ Qxf7 35. Bxf7 Kxf7 36. Bxe5 Ke6 37. Bf4 a5 38. e4 a4 39. Rd6+ Ke7 40. g4 a3 41. g5 b5 42. g6 b4 43. Bg5+ Kf8 44. e5 Kg7 45. Kc2 b3+ 46. Kxb3 Rb8+ 47. Kxa3 Ra8+ 48. Kb3 Rb8+ 49. Kc4 Ra8 50. Kd5 Rb8 51. e6 Ra8 52. e7 Rd8 53. Rxd8 Kxg6 54. e8Q+ Kf5 55. Qe4+ Kxg5 56. Rg8+ 1-0

[Event "POL-ch Universities"]
[Site "Lublin"]
[Date "2024.02.24"]
[Round "6"]
[White "Molenda, Marcin"]
[Black "Szpar, Milosz"]
[Result "0-1"]
[WhiteElo "2377"]
[BlackElo "2495"]
[PlyCount "54"]
[EventDate "2024.02.23"]
[EventType "swiss"]
[EventRounds "9"]
[EventCountry "POL"]
[SourceTitle "CB10_2024"]
[SourceDate "2024.03.06"]
[SourceVersion "1"]
[SourceVersionDate "2024.03.06"]
[SourceQuality "1"]

1. e4 c5 2. Nc3 Nc6 3. f4 e6 4. Nf3 a6 5. e5 d6 6. Ne4 dxe5 7. fxe5 Nxe5 8. Nxe5 Qd4 9. Qf3 Qxe5 10. d4 cxd4 11. Bf4 Qd5 12. 0-0-0 e5 13. c4 Qa5 14. Bg3 Nh6 15. Qb3 Be7 16. Bd3 Nf5 17. Rdf1 0-0 18. Be1 Qc7 19. Kb1 b5 20. c5 Be6 21. Qa3 Rfc8 22. Rf2 Ne3 23. Ba5 Qc6 24. b3 Bd5 25. Nd2 e4 26. Be2 d3 27. Bg4 Nxg4 0-1

[Event "Titled Tuesday intern op 13th Feb Early"]
[Site "Chess.com INT"]
[Date "2024.02.13"]
[Round "1"]
[White "Mohammadi, Melika"]
[Black "Szpar, Milosz"]
[Result "1/2-1/2"]
[WhiteElo "2177"]
[BlackElo "2495"]
[PlyCount "134"]
[EventDate "2024.02.13"]
[EventType "swiss (blitz)"]
[EventRounds "11"]
[EventCountry "USA"]
[SourceTitle "CB08_2024"]
[SourceDate "2024.02.21"]
[SourceVersion "1"]
[SourceVersionDate "2024.02.21"]
[SourceQuality "1"]

1. e4 e6 2. d4 d5 3. Nc3 Nf6 4. e5 Nfd7 5. Nce2 c5 6. c3 Nc6 7. Nf3 Be7 8. a3 0-0 9. b4 b6 10. Nf4 Re8 11. Bd3 Nf8 12. 0-0 f5 13. exf6 Bxf6 14. b5 Na5 15. Re1 a6 16. a4 axb5 17. axb5 Bd7 18. Nh5 c4 19. Bc2 Bxb5 20. Nxf6+ Qxf6 21. Bg5 Qf7 22. Ne5 Qb7 23. Qh5 Nc6 24. Rxa8 Rxa8 25. Ng4 Qf7 26. Qh3 Ng6 27. Qe3 Ra2 28. Bb1 Ra1 29. h4 h5 30. Nh2 e5 31. dxe5 Ncxe5 32. Qxb6 Nd3 33. Rf1 Rxb1 34. Rxb1 Bd7 35. Nf3 Bg4 36. Qe3 Bxf3 37. Qxf3 Qxf3 38. gxf3 Nge5 39. Kg2 Kf7 40. Be3 Ke6 41. Bd4 Nf4+ 42. Kh1 Neg6 43. Bxg7 Nxh4 44. Rb6+ Kf5 45. Rf6+ Kg5 46. Rf8 Nxf3 47. Bh6+ Kxh6 48. Rxf4 Nd2 49. Rd4 Ne4 50. Rxd5 Nxf2+ 51. Kg2 Ne4 52. Rd4 Nxc3 53. Rxc4 Nd5 54. Kh3 Nf6 55. Kh4 Kg6 56. Rc6 Kf5 57. Rc5+ Kg6 58. Rg5+ Kf7 59. Rg1 Ke6 60. Kg5 Ne4+ 61. Kxh5 Kf5 62. Rf1+ Ke5 63. Rf8 Nf6+ 64. Kg6 Ne4 65. Re8+ Kd4 66. Kf5 Nd6+ 67. Ke6 Nxe8 1/2-1/2

[Event "Titled Tuesday intern op 13th Feb Early"]
[Site "Chess.com INT"]
[Date "2024.02.13"]
[Round "5"]
[White "Omelja, Artem"]
[Black "Szpar, Milosz"]
[Result "0-1"]
[WhiteElo "2438"]
[BlackElo "2495"]
[PlyCount "126"]
[EventDate "2024.02.13"]
[EventType "swiss (blitz)"]
[EventRounds "11"]
[EventCountry "USA"]
[SourceTitle "CB08_2024"]
[SourceDate "2024.02.21"]
[SourceVersion "1"]
[SourceVersionDate "2024.02.21"]
[SourceQuality "1"]

1. e4 e6 2. d4 d5 3. Nc3 Nf6 4. e5 Nfd7 5. f4 c5 6. Nf3 Nc6 7. Be3 Be7 8. dxc5 Nxc5 9. Qd2 Bd7 10. a3 Ne4 11. Nxe4 dxe4 12. Nd4 Nxd4 13. Bxd4 Bc6 14. Be2 Bh4+ 15. Kf1 Qd5 16. Qe3 g5 17. c4 Qd7 18. Rd1 gxf4 19. Qxf4 Qe7 20. b4 b6 21. Be3 Rg8 22. g3 Bg5 23. Qf2 Bxe3 24. Qxe3 Rg5 25. Kg2 Rxe5 26. Rhf1 Rd8 27. Qh6 e3+ 28. Kg1 Rxd1 29. Rxd1 Be4 30. Qg7 Qc7 31. c5 Rd5 32. Bb5+ Ke7 33. Rxd5 exd5 34. Qg5+ Kf8 35. Qxe3 Qe5 36. cxb6 d4 37. Qh6+ Kg8 38. bxa7 Qxb5 39. Qf4 Qd5 40. Qb8+ Kg7 41. a8Q Qxa8 42. Qxa8 Bxa8 43. b5 Kf6 44. a4 Ke5 45. Kf2 Kd5 46. Ke2 Kc4 47. Kd2 Be4 48. b6 Kb4 49. b7 Bxb7 50. Kd3 Kxa4 51. Kxd4 Kb4 52. Ke5 Kc5 53. Kf6 Bd5 54. Kg7 h5 55. Kh6 Bf3 56. Kg7 f5 57. Kf6 Bg4 58. Kg5 Kd4 59. h3 Bxh3 60. Kxh5 Bg4+ 61. Kh4 Ke4 62. Kg5 Kf3 63. Kh4 Kf2 0-1

[Event "Titled Tuesday intern op 13th Feb Late"]
[Site "Chess.com INT"]
[Date "2024.02.13"]
[Round "3"]
[White "Szpar, Milosz"]
[Black "Paravyan, David"]
[Result "0-1"]
[WhiteElo "2495"]
[BlackElo "2612"]
[PlyCount "94"]
[EventDate "2024.02.13"]
[EventType "swiss (blitz)"]
[EventRounds "11"]
[EventCountry "USA"]
[SourceTitle "CB08_2024"]
[SourceDate "2024.02.21"]
[SourceVersion "1"]
[SourceVersionDate "2024.02.21"]
[SourceQuality "1"]

1. e4 e5 2. Nf3 Nf6 3. Nc3 Nc6 4. Bb5 Nd4 5. 0-0 c6 6. Bd3 Nxf3+ 7. Qxf3 d6 8. Be2 g6 9. Qg3 h5 10. f4 Qb6+ 11. Kh1 h4 12. Qf3 Nh5 13. d4 exd4 14. Na4 Qa5 15. b3 Bg7 16. Bd3 Bd7 17. Nb2 Qc7 18. a4 0-0-0 19. Bd2 f5 20. exf5 Bxf5 21. Rae1 Qd7 22. Kg1 d5 23. a5 Rhe8 24. Bxf5 Qxf5 25. Nd3 Bf8 26. Re5 Rxe5 27. fxe5 Qxf3 28. Rxf3 Ng7 29. Nf4 Re8 30. Nxg6 Ne6 31. Nxh4 c5 32. Ng6 Bg7 33. Rf7 c4 34. Ne7+ Kb8 35. Nxd5 c3 36. Nxc3 dxc3 37. Bxc3 Rc8 38. Bb4 Bxe5 39. c4 Rd8 40. g3 Rd1+ 41. Kg2 Bd4 42. Re7 Ng5 43. Bd6+ Kc8 44. Rc7+ Kd8 45. h4 Rd2+ 46. Kf1 Nf3 47. Rxb7 Rf2# 0-1

[Event "Titled Tuesday intern op 13th Feb Early"]
[Site "Chess.com INT"]
[Date "2024.02.13"]
[Round "2"]
[White "Szpar, Milosz"]
[Black "Seder, Mohamad"]
[Result "1-0"]
[WhiteElo "2495"]
[BlackElo "2077"]
[PlyCount "79"]
[EventDate "2024.02.13"]
[EventType "swiss (blitz)"]
[EventRounds "11"]
[EventCountry "USA"]
[SourceTitle "CB08_2024"]
[SourceDate "2024.02.21"]
[SourceVersion "1"]
[SourceVersionDate "2024.02.21"]
[SourceQuality "1"]

1. Nf3 Nf6 2. c4 e6 3. g3 d5 4. d4 c6 5. Nbd2 Nbd7 6. Bg2 Be7 7. Qc2 0-0 8. 0-0 b6 9. e4 dxe4 10. Nxe4 Bb7 11. Rd1 Rc8 12. Ne5 Nxe4 13. Bxe4 Nf6 14. Bg2 Qc7 15. Bf4 Nh5 16. Be3 c5 17. Bxb7 Qxb7 18. d5 Rfd8 19. Qe2 Nf6 20. Nc6 Re8 21. Qf3 exd5 22. Nxe7+ Qxe7 23. cxd5 Qe4 24. Qxe4 Nxe4 25. Rd3 c4 26. Ra3 Re7 27. Rd1 c3 28. bxc3 Rxc3 29. Ra4 Rc8 30. d6 Re6 31. d7 Rd8 32. Rxa7 Nc3 33. Rd3 Nb5 34. Rb7 f5 35. Bxb6 Nd6 36. Rxd6 Rxd6 37. Bxd8 Rd1+ 38. Kg2 Kf7 39. Bh4 g5 40. d8Q+ 1-0

[Event "Titled Tuesday intern op 06th Feb Late"]
[Site "Chess.com INT"]
[Date "2024.02.06"]
[Round "5"]
[White "Leyva Proenza, Ricardo"]
[Black "Szpar, Milosz"]
[Result "1/2-1/2"]
[WhiteElo "2333"]
[BlackElo "2495"]
[PlyCount "142"]
[EventDate "2024.02.06"]
[EventType "swiss (blitz)"]
[EventRounds "11"]
[EventCountry "USA"]
[SourceTitle "CB07_2024"]
[SourceDate "2024.02.14"]
[SourceVersion "1"]
[SourceVersionDate "2024.02.14"]
[SourceQuality "1"]

1. e4 e6 2. d4 d5 3. Nc3 Nf6 4. Bg5 dxe4 5. Nxe4 Be7 6. Bxf6 gxf6 7. Qd3 Nc6 8. 0-0-0 Nb4 9. Qb3 Qd5 10. Qxd5 Nxd5 11. c4 f5 12. Nc3 Nxc3 13. bxc3 b6 14. Be2 Bb7 15. Bf3 c6 16. Ne2 0-0-0 17. Kc2 Rhg8 18. g3 Kc7 19. Nc1 c5 20. Bxb7 Kxb7 21. d5 e5 22. a4 e4 23. Rhf1 f4 24. Rde1 f5 25. f3 fxg3 26. hxg3 Bd6 27. fxe4 Bxg3 28. Re2 fxe4 29. Rxe4 Rd7 30. Rf5 Bb8 31. Rh5 Rg2+ 32. Re2 Rg3 33. Nd3 Rdg7 34. a5 Rg1 35. axb6 axb6 36. Rf2 Bd6 37. Rh6 R1g6 38. Rh5 Re7 39. Kb3 Rg3 40. Nb2 Be5 41. Na4 Rg6 42. Ka3 Kc7 43. Rb2 Bh8 44. Rf5 Rd7 45. Rf8 Be5 46. Kb3 Rd8 47. Rf7+ Rd7 48. Rf5 Bd6 49. Re2 Re7 50. Ref2 Rgg7 51. Rf6 Rd7 52. Re6 h5 53. Rff6 Rh7 54. Nxb6 Kxb6 55. Rxd6+ Rxd6 56. Rxd6+ Kc7 57. Rc6+ Kb7 58. Rxc5 h4 59. Ra5 h3 60. Ra1 h2 61. Rh1 Kc7 62. Kb4 Kd6 63. Kb5 Rb7+ 64. Ka6 Rc7 65. Kb5 Rb7+ 66. Ka6 Rc7 67. Rxh2 Rxc4 68. Rh5 Rxc3 69. Kb5 Rc5+ 70. Kb4 Rxd5 71. Rxd5+ Kxd5 1/2-1/2

[Event "Titled Tuesday intern op 06th Feb Late"]
[Site "Chess.com INT"]
[Date "2024.02.06"]
[Round "1"]
[White "Ljukin, Sergei"]
[Black "Szpar, Milosz"]
[Result "0-1"]
[WhiteElo "2362"]
[BlackElo "2495"]
[PlyCount "76"]
[EventDate "2024.02.06"]
[EventType "swiss (blitz)"]
[EventRounds "11"]
[EventCountry "USA"]
[SourceTitle "CB07_2024"]
[SourceDate "2024.02.14"]
[SourceVersion "1"]
[SourceVersionDate "2024.02.14"]
[SourceQuality "1"]

1. e4 e6 2. d4 d5 3. Nc3 Nf6 4. Bg5 dxe4 5. Nxe4 Be7 6. Bxf6 gxf6 7. Nf3 f5 8. Nc3 a6 9. a4 Qd6 10. Qe2 Nd7 11. g3 Qb4 12. Qd2 Qxb2 13. Rb1 Qa3 14. Bg2 Qd6 15. 0-0 c6 16. a5 Bf6 17. Rfe1 0-0 18. Rbd1 Rd8 19. Qh6 Bg7 20. Qh5 Nf6 21. Qh4 Bd7 22. Ne2 c5 23. Nf4 Bc6 24. Nh5 Nxh5 25. Qxh5 Bxf3 26. Bxf3 cxd4 27. Bxb7 Rab8 28. Bg2 Rb2 29. g4 Rb5 30. gxf5 Rxf5 31. Qh4 Bf6 32. Qh3 Rxa5 33. Be4 Rg5+ 34. Kh1 h5 35. Rg1 Rxg1+ 36. Rxg1+ Kf8 37. Qxh5 Ke7 38. Qh7 Rh8 0-1